000 00737nam a2200217Ia 4500
003 GCL
008 140319s9999 xx 000 0 ara d
040 _aGCL /
_cGCL
082 0 4 _a155.4
_bب ا
100 1 _aعبدالعزيز القوصى
245 1 0 _aانت وقدراتك /
_cعبدالعزيز القوصى
700 1 _aعطية محمود مهنا (مترجم)
700 1 _aبيلارد، فرجينيا
260 _aالقاهرة :
_bمكتبة النهضة المصرية ،
_c1984
300 _a91 ص ؛
_c19سم
490 _aسلسلة دراسات سيكولوجية
_v0
650 0 4 _aالقدرة العقلية
650 0 4 _aالشخصية، علم النفس
650 0 4 _aالقدرات
942 _2ddc
_cBK
999 _c47127
_d47127